000 00592nam a2200193Ia 4500
003 GCL
008 140319s9999 xx 000 0 ara d
040 _aGCL /
_cGCL
082 0 4 _a929
_bح ف
100 1 _aحسن الباشا
245 1 0 _aالفنون الاسلامية والوظائف على الاثار العربية /
_cحسن الباشا
260 _a[S.N] :
_bدار النهضة العربية
490 _a
650 0 4 _aالوظائف
650 0 4 _aعلم الاثار
650 0 4 _aالحضارة والفن
650 0 4 _aالفن الاسلامى
942 _2ddc
_cBK
999 _c31543
_d31543